Les 10 meilleurs avant-centres ALL TIME - Statistiques

Statistiques générales
  • Ce quiz a été pris 121 fois
  • Le résultat moyen est 5 sur 10
Statistiques - réponses
Joueurs % Correct
6. Benzema
83%
7. Lewandowski
78%
2. Suarez
76%
1. Ronaldo Nazario
51%
9. Gerd Muller
45%
5. Van Basten
42%
4. Eto'o
40%
10. Drogba
38%
3. Eusebio
16%
8. Shevchenko
15%
Aucun quiz correspondant
Distribution des résultats
% des personnes avec chaque résultat
Percentile par nombre de réponses
Votre historique - résultats
Vous n’avez pas pris ce quiz